15 Largest Cities in Argentina🇦🇷 - Statistics

General Stats
  • This quiz has been taken 72 times
  • The average score is 8 of 15
Answer Stats
Population City % Correct
13 mil Buenos Aires
100%
1.4 mil Cordoba
96%
1.1 mil Rosario
84%
876k Mendoza
76%
512k Salta
62%
694k La Plata
60%
781k San Miguel de Tucuman
58%
489k Santa Fe de la Vera Cruz
53%
553k Mar del Plata
51%
447k San Juan
38%
354k Santiago del Estero
33%
387k Resistencia
24%
323k Posadas
22%
339k Corrientes
20%
518k Quilmes
9%
No matching quizzes found
Score Distribution
Percent of People with Each Score
Percentile by Number Answered
Your Score History
You have not taken this quiz